| 000 | 00000nam 2200000za 4500 |
| 001 | 9.837731 |
| 003 | CaOODSP |
| 005 | 20221107151217 |
| 007 | cr ||||||||||| |
| 008 | 170605s1980 oncad #o f000 0 eng d |
| 040 | |aCaOODSP|beng |
| 043 | |an-cn-on |
| 086 | 1 |aR77-8/1980E-PDF |
| 245 | 00|aOntario Region overview |h[electronic resource]. |
| 246 | 18|aRegional overview Ontario region 1980-81 plus |
| 260 | |a[Ottawa?] : |b[Indian and Northern Affairs Canada, Ontario Region?], |c1980. |
| 300 | |a[117] p. : |bill., graphs |
| 500 | |a"February 1980." |
| 500 | |aDigitized edition from print [produced by Indigenous and Northern Affairs Canada]. |
| 520 | |a"The on-reserve population in the Region, as of December 31, 1978 was 43,864. This represents 65% of the total Indian population in the Province. The population living in organized communities on crown land represents another 3% of the total Indian population in Ontario. Although these communities do not have official reserve status, Ontario Region treats them as reserves in the delivery of programs and services."--Demographic Trends. |
| 692 | 07|2gccst|aAboriginal peoples |
| 692 | 07|2gccst|aDemography |
| 692 | 07|2gccst|aEconomic conditions |
| 710 | 1 |aCanada.|bIndian and Northern Affairs Canada.|bOntario Region. |
| 856 | 40|qPDF|s41.23 MB|uhttps://publications.gc.ca/collections/collection_2017/aanc-inac/R77-8-1980-eng.pdf |